| 000 | 00341nam a22001217a 4500 | ||
|---|---|---|---|
| 020 | _a0131857258 | ||
| 082 |
_222 _a005.117 |
||
| 100 | _aMartian, Robert C and Martin Micah. | ||
| 245 | _aAgile principles, patterns and practices in C# / | ||
| 260 |
_aUSA, _bPrentice Hall _cc2007. |
||
| 300 |
_axxxiii, 732p. ; _bill. ; _c24 cm. |
||
| 942 |
_2ddc _cIT |
||
| 999 |
_c2403 _d2403 |
||